[Event "TUR-chT Superleague 2018"]
[Site "Ankara"]
[Date "2018.08.01"]
[Round "8"]
[White "Esen, Baris"]
[Black "Demirel, Ali Yagmur"]
[Result "1-0"]
[WhiteElo "2487"]
[BlackElo "1719"]
[Annotator "TA"]
[PlyCount "59"]
[EventDate "2018.07.25"]
[EventType "team-tourn"]
[EventCountry "TUR"]
[SourceTitle "playchess.com"]
[Source "ChessBase"]
[SourceQuality "1"]

{[%evp 22,59,19,4,50,27,62,62,61,61,52,39,54,48,50,50,48,55,91,81,138,137,153,139,147,148,162,160,250,250,385,379,352,287,609,587,615,597,609,609]} 1. d4 Nf6 2. c4 g6 3. Nf3 Bg7 4. g3 O-O 5. Bg2 d6 6. Nc3 Nc6 7. O-O a6 8. Bf4 Rb8 {E63: King's Indian: Fianchetto: Panno Variation with 7...a6} 9. Rc1 h6 10. d5 e5 11. dxe6 (11. Bd2 Ne7 12. e4 Nd7 13. Ne1 f5 14. Nd3 Nf6 15. f4 Nxe4 16. Nxe4 fxe4 17. Bxe4 exf4 18. Nxf4 {½-½ (56) Tregubov,P (2575)-Amin,B (2689) Riadh 2017}) 11... Bxe6 12. b3 {LiveBook: 8 Games} g5 13. Bd2 {[%cal Bf4d2,Bd2b4,Bb4c3,Bc3a1][%mdl 32]} Re8 14. h4 g4 15. Ne1 Ne5 $146 ({Predecessor:} 15... Bf5) 16. Nd5 c6 17. Nf4 Bf5 18. Bb4 c5 19. Bc3 Ne4 20. Ba1 b5 (20... Nc6 $142) 21. Nc2 $16 bxc4 22. Ne3 Bh7 23. Nxc4 Nxc4 24. Rxc4 {Strongly threatening Bxg7.} Bxa1 (24... d5 $16 25. Qxd5 Nd2) 25. Qxa1 $18 Nd2 {[#]} (25... Rb4 $142 26. Bxe4 Bxe4 27. Rxb4 cxb4) 26. Nh5 $1 {[%csl Gh5][%cal Ra1g7][%mdl 512]} Re5 27. Rxg4+ Kf8 $2 (27... Bg6) 28. Rd1 {White is clearly winning.} Bg6 29. Rxg6 fxg6 30. Nf4 {Precision: White = 86%, Black = 23%.} 1-0

[Event "TUR-chT Superleague 2018"]
[Site "Ankara"]
[Date "2018.08.01"]
[Round "8"]
[White "Asadli, Vugar"]
[Black "Uzumcu, Ahmet Utku"]
[Result "1-0"]
[WhiteElo "2482"]
[BlackElo "2231"]
[Annotator "ChessBase"]
[PlyCount "111"]
[EventDate "2018.07.25"]
[EventType "team-tourn"]
[EventCountry "TUR"]
[SourceTitle "playchess.com"]
[Source "ChessBase"]
[SourceQuality "1"]
[TimeControl "40/5400+30:1800+30"]

1. g3 Nf6 2. Bg2 d5 3. d3 g6 4. b3 Bg7 5. Bb2 O-O 6. Nf3 c5 7. c4 d4 8. b4 Nc6 9. b5 Nb8 10. O-O Qc7 11. e3 e5 12. exd4 exd4 13. Bc1 Nh5 14. Nbd2 h6 15. Nb3 Be6 16. Re1 Nd7 17. Rxe6 fxe6 18. Nh4 Nhf6 19. Nxg6 Rfe8 20. Qf3 Rab8 21. Bd2 Nf8 22. Nf4 b6 23. Nh5 Nxh5 24. Qxh5 Qf7 25. Qe2 Kh8 26. Bc1 Rbd8 27. Nd2 Nh7 28. a4 Nf6 29. a5 Re7 30. Bc6 Rf8 31. Ne4 Nxe4 32. Bxe4 Qf6 33. Ra2 e5 34. h4 Qf7 35. g4 Rd8 36. g5 Rd6 37. axb6 Rxb6 38. Qg4 Qe6 39. Bf5 Qf7 40. g6 Qf8 41. Be4 Rc7 42. Qh5 Rd6 43. Kg2 Kg8 44. Kg3 Rcd7 45. f3 {[%emt 1:24:30]} Rc7 {[%emt 2:03:10]} 46. f4 {[%emt 0:08:30]} exf4+ {[%emt 0:06:21]} 47. Bxf4 {[%emt 0:00:30]} Rcd7 {[%emt 0:00:30]} 48. Bd5+ {[%emt 0:00:30]} Kh8 {[%emt 0:01:16]} 49. Re2 {[%emt 0:03:30]} Rf6 {[%emt 0:08:44]} 50. Bxh6 {[%emt 0:02:30]} Bxh6 {[%emt 0:02:09]} 51. Re8 {[%emt 0:00:30]} Rf3+ {[%emt 0:02:46]} 52. Bxf3 {[%emt 0:00:00]} Qxe8 {[%emt 0:00:05]} 53. Qxh6+ {[%emt 0:00:00]} Kg8 {[%emt 0:00:30]} 54. Bd5+ {[%emt 0:00:30]} Rxd5 {[%emt 0:00:30]} 55. Qh7+ {[%emt 0:00:00]} Kf8 {[%emt 0:00:00]} 56. g7+ {[%emt 0:00:00]} 1-0

[Event "TUR-chT Superleague 2018"]
[Site "Ankara"]
[Date "2018.08.01"]
[Round "8"]
[White "Kanmazalp, Ogulcan"]
[Black "Koksal, Ege"]
[Result "1-0"]
[WhiteElo "2481"]
[BlackElo "2381"]
[Annotator "TA"]
[PlyCount "163"]
[EventDate "2018.07.25"]
[EventType "team-tourn"]
[EventCountry "TUR"]
[SourceTitle "playchess.com"]
[Source "ChessBase"]
[SourceQuality "1"]

{[%evp 26,163,31,6,18,35,43,22,33,16,17,19,34,41,33,0,25,34,39,35,23,24,42,32,28,20,15,12,12,0,25,0,20,7,10,10,33,39,49,52,50,35,36,37,37,46,72,40,65,45,239,204,885,736,832,2013,1504,1366,785,567,766,533,729,754,422,96,247,197,289,238,222,183,2292,2440,2539,2465,2083,2160,1775,1812,12530,12800,6628,9537,12828,12822,12804,1491,972,1020,7917,6219,12812,10262,6307,2651,2445,233,804,696,500,418,317,0,2148,1950,1823,1756,1654,30,22,0,1424,0,0,0,0,0,0,0,0,0,0,0,0,1,14,14,12838,12839,12839,12839,12840,12840,12841,12841,12843,12843,12844,12842]} 1. e4 e5 2. Nf3 Nc6 3. Nc3 Nf6 4. d4 exd4 5. Nxd4 Bb4 6. Nxc6 bxc6 7. Bd3 d5 8. exd5 cxd5 9. O-O O-O 10. h3 {C47: Scotch Four Knights and Four Knights with 4 g3} (10. Bg5 c6 11. Qf3 Bd6 12. Rae1 Rb8 13. Nd1 h6 14. Bxf6 Qxf6 15. Qxf6 gxf6 16. b3 Be6 17. Ne3 Bb4 18. Rd1 Rfe8 19. Nf5 Bxf5 20. Bxf5 Re5 21. f4 {½-½ (30) Wei,Y (2734)-Yu,Y (2759) Hangzhou 2018}) 10... c6 11. Qf3 Bd6 12. Re1 Rb8 13. b3 Be6 14. Bf4 {LiveBook: 4 Games} Rb4 15. Ne2 $146 ({Predecessor:} 15. Bxd6 Qxd6 16. Rad1 Re8 17. Ne2 Rb7 {0-1 (53) Engel,L (2383)-Matviishen,V (2405) Prague 2016}) 15... Re8 16. c3 Rb7 17. Nd4 Bxf4 18. Qxf4 Qc7 19. Qxc7 Rxc7 20. b4 Kf8 21. Nb3 g6 22. g4 Nd7 23. f4 Nb6 24. Nc5 Bc8 25. Kf2 Rxe1 26. Rxe1 Nd7 27. Nb3 Nb6 28. Nc5 Nd7 $1 29. Rb1 Ke7 30. Ke3 Kd6 31. Kd4 a5 32. Re1 axb4 33. cxb4 {[%cal Bc3b4,Bb4c5][%mdl 32]} Nxc5 34. bxc5+ $14 {[%mdl 4096] Endgame KRB-KRB} Kd7 35. a4 Ra7 36. Bc2 Rb7 {Black wants to play ...Rb4+.} 37. Rb1 Rxb1 $2 (37... Ra7 $14) 38. Bxb1 {KB-KB} f6 $2 (38... Ke7 39. Bd3 Ke6) 39. g5 $18 fxg5 40. fxg5 Ba6 41. Ke5 Be2 42. h4 Kc7 43. Kd4 Kb7 44. Kc3 Ka6 45. Kb4 Kb7 $2 (45... Ka7 $16 {was worth a try.}) 46. Bc2 Ka7 (46... Ka6 $142 47. a5 Bg4) 47. Bb3 Kb7 48. a5 $1 Ka6 $2 (48... Kc7 49. Kc3 Bg4) 49. Ba4 Kb7 50. Kc3 Kc7 51. Kd2 $1 Bf1 52. Bd1 $1 Kb7 53. Kc3 Ka6 54. Kb4 Bh3 55. Be2+ Kb7 56. Bd3 (56. Kc3 $142 Bf5 57. h5) 56... Bg2 57. Kc3 Be4 58. Be2 Bf5 59. Kd4 Ka7 60. Ke5 (60. h5 $142 Kb7 61. h6) 60... Bc2 61. Bf1 $2 (61. h5 Be4 62. hxg6 hxg6 63. Bg4) 61... Kb7 $2 (61... Bb3 62. Bd3 Bd1) 62. Kd4 $1 Bf5 {If only Black now had time for ...Bg4....} 63. Kc3 Ka7 64. Be2 $2 (64. Kb2 Bd7 65. Bd3) 64... Kb7 65. Kd2 Ka7 66. Ke3 Kb7 67. Kf4 $2 ({White must play} 67. h5 $1 $18 {[%cal Rh5h6]} Bb1 68. hxg6 hxg6 69. Bg4) 67... Bc2 $1 $11 68. Ke5 $2 {[%mdl 8192]} (68. a6+ $11 Ka7 69. Ke5) 68... Ka7 $1 $18 {[#]} 69. Bg4 $2 (69. h5 $1 $18 {[%cal Rh5h6] Threatens to win with h6.} Kb7 70. h6) 69... Ka6 $11 70. Bd7 Ba4 71. Be6 {And now Bg8 would win.} Kxa5 72. Bg8 Bd1 $1 73. Bxh7 Bh5 $1 74. Bg8 {Hoping for Be6.} Kb5 75. Kd4 Ka6 76. Bf7 Ka7 $2 {[%mdl 8192]} (76... Ka5 $11) 77. Ke5 $18 {White is clearly winning.} Kb7 78. Kd6 ({Not} 78. Kf6 Ka6 $16) 78... d4 {[#]} 79. Bc4 $1 {[%cal Rc4d3]} Bg4 80. Ke5 Bf5 81. Kxd4 Kc7 82. Ke5 {Precision: White = 68%, Black = 36%.} 1-0

[Event "TUR-chT Superleague 2018"]
[Site "Ankara"]
[Date "2018.08.01"]
[Round "8"]
[White "Haznedaroglu, Kivanc"]
[Black "Tukhaev, Adam"]
[Result "0-1"]
[WhiteElo "2458"]
[BlackElo "2542"]
[Annotator "TA"]
[PlyCount "122"]
[EventDate "2018.07.25"]
[EventType "team-tourn"]
[EventCountry "TUR"]
[SourceTitle "playchess.com"]
[Source "ChessBase"]
[SourceQuality "1"]

{[%evp 20,122,8,-32,0,0,0,-8,-11,-26,-36,-51,-36,-57,-52,-64,-53,-63,-8,-7,-14,-48,-45,-71,-78,-106,-115,-114,-104,-159,-144,-157,-143,-135,-150,-131,-69,-69,-72,-80,-79,-80,-72,-79,-79,-79,-79,-112,-46,-106,-68,-183,-106,-106,-103,-115,-120,-118,-45,-39,-37,-39,0,0,0,-112,-97,-98,-59,-300,-250,-626,-625,-648,-506,-2051,-2112,-2264,-2086,-2529,-2469,-2124,-1997,-5591,-4630,-1996,-1996,-29977,-29978,-29976,-29977,-29977,-29977,-29979,-29980,-29979,-29981,-29980,-29981,-29981,-29982,-29982,-29983,-29984,-29985]} 1. c4 g6 2. Nc3 Bg7 3. g3 c5 4. Bg2 Nc6 5. Nf3 e5 6. a3 Nge7 7. d3 O-O 8. O-O d6 9. Rb1 a5 10. Ne1 Be6 11. Nd5 {LiveBook: 150 Games} Ra7 {A37: Symmetrical English vs ...g6: 4 Bg2 Bg7 5 Nf3} (11... Rb8 12. Nxe7+ Qxe7 13. Nc2 Qd7 14. b4 cxb4 15. axb4 b5 16. cxb5 Rxb5 17. Bd2 Rfb8 18. Na3 Rxb4 19. Bxb4 axb4 {0-1 (94) Hamitevici,V (2484)-Eljanov,P (2757) Novi Sad 2016}) 12. Nc2 a4 $146 ({Predecessor:} 12... Bxd5 13. cxd5 Nd4 14. b4 Nxc2 15. Qxc2 axb4 16. axb4 b6 17. e4 Qc7 18. Be3 Rfa8 19. f4 {1-0 (37) Vujcic,T (2135)-Gerasimov,A (2188) Kaunas 2013}) 13. Bg5 f6 {The position is equal.} 14. Bd2 b5 15. Nce3 Nd4 16. Bc3 bxc4 17. dxc4 Nec6 18. Nc2 Qd7 (18... f5 $15) 19. e3 $11 Nb3 20. Qe2 Rb8 21. Rbd1 f5 22. Rfe1 Qf7 23. f3 Ne7 24. Nxe7+ ({Better is} 24. Kh1) 24... Qxe7 $17 ({Reject} 24... Rxe7 $6 25. Rxd6 Bxc4 26. Qd1 $11) 25. Qd3 Rd7 26. Na1 Qf7 27. Bf1 {[#]} Nxa1 (27... e4 $1 $17 {[%cal Re4d3][%mdl 512]} 28. fxe4 fxe4 29. Qxe4 Bxc3 30. bxc3 Na5) 28. Rxa1 $15 Rb3 29. e4 {[#]} f4 $1 30. Rad1 h5 31. Rd2 Bh6 32. Rg2 Kh7 33. Rd1 Bf8 (33... Qf6 $17 34. Re1 Qg5) 34. Qe2 (34. Kh1 $15) 34... Be7 35. Rd5 (35. Kh1 $15) 35... h4 (35... fxg3 $19 36. hxg3 Bxd5 37. cxd5 Bg5) 36. gxh4 $17 Bxh4 37. Qd2 Be7 38. Bd3 Rb8 ({Black should play} 38... Ra7 $17 39. Bc2 Rb6) 39. Bc2 $15 Ra8 40. Qd1 $1 g5 41. Bxe5 Bxd5 42. exd5+ {[#]} (42. Qxd5 $11 {was the only way to keep the balance.} Qxd5 43. exd5+ Kg8 44. Bc3) 42... Kh6 $1 $17 43. Bc3 {Hoping for Re2.} Bf6 44. Re2 $2 (44. h4 $15 Rg8 45. Bd2 gxh4 46. Bxf4+ Bg5 47. Bd2 Bxd2 48. Qxd2+ Kh5 49. Rg4) 44... Bxc3 $19 45. Re6+ $2 (45. bxc3 Re8 46. Be4) 45... Bf6 46. Qd3 {and the idea Qf5 leaves White hopeful.} Re8 47. h4 (47. Bxa4 $142 Rxe6 48. dxe6) 47... Rxe6 48. dxe6 Bd4+ 49. Qxd4 cxd4 50. exf7 Rxf7 51. hxg5+ Kxg5 52. Bxa4 {[%mdl 4096] Endgame KR-KB} Rb7 53. b3 d3 {Black mates.} 54. Kf2 Re7 55. b4 d2 56. b5 Re1 57. b6 d1=Q 58. Bxd1 Rxd1 59. a4 Ra1 60. a5 Rxa5 61. b7 Ra2+ {Precision: White = 44%, Black = 60%.} 0-1

[Event "TUR-chT Superleague 2018"]
[Site "Ankara"]
[Date "2018.08.01"]
[Round "8"]
[White "Yilmazyerli, Mert"]
[Black "Erdogan, Anil Berk"]
[Result "1/2-1/2"]
[WhiteElo "2458"]
[BlackElo "2055"]
[Annotator "ChessBase"]
[PlyCount "121"]
[EventDate "2018.07.25"]
[EventType "team-tourn"]
[EventCountry "TUR"]
[SourceTitle "playchess.com"]
[Source "ChessBase"]
[SourceQuality "1"]
[TimeControl "40/5400+30:1800+30"]

1. d4 Nf6 2. Nf3 c5 3. d5 e6 4. Nc3 exd5 5. Nxd5 Nxd5 6. Qxd5 Be7 7. e4 O-O 8. Bc4 d6 9. O-O Nd7 10. Bb3 Qc7 11. c3 Ne5 12. Nxe5 dxe5 13. Qd3 Rd8 14. Qe2 Qb6 15. Bd5 Be6 16. c4 Bxd5 17. cxd5 Rac8 18. Qc4 Qb4 19. b3 b5 20. Qxb4 cxb4 21. Bb2 Bd6 22. Rfc1 Kf8 23. Rxc8 Rxc8 24. Rc1 Rxc1+ 25. Bxc1 f6 26. Be3 a6 27. g3 Kf7 28. Kg2 g5 29. h3 Kg6 30. f4 gxf4 31. gxf4 exf4 32. Bd2 f5 33. e5 Bxe5 34. Bxb4 Kf6 35. Kf3 Bb2 36. Bd6 Be5 37. Bf8 Kg6 38. Be7 h6 39. Bf8 h5 40. Be7 Kf7 {[%emt 1:20:00]} 41. Bg5 {[%emt 1:38:30]} Bd6 {[%emt 0:38:30]} 42. Bxf4 {[%emt 0:01:30]} Ke7 {[%emt 0:00:00]} 43. Bxd6+ {[%emt 0:05:30]} Kxd6 {[%emt 0:00:00]} 44. Kf4 {[%emt 0:00:00]} Kxd5 {[%emt 0:05:41]} 45. Kxf5 {[%emt 0:02:00]} a5 {[%emt 0:00:24]} 46. Kg5 {[%emt 0:00:00]} a4 {[%emt 0:00:24]} 47. Kxh5 {[%emt 0:07:00]} Kc5 {[%emt 0:01:37]} 48. h4 {[%emt 0:04:30]} Kb4 {[%emt 0:00:03]} 49. Kg4 {[%emt 0:07:51]} Ka3 {[%emt 0:00:11]} 50. h5 {[%emt 0:02:21]} Kxa2 {[%emt 0:00:02]} 51. bxa4 {[%emt 0:00:48]} bxa4 {[%emt 0:00:30]} 52. h6 {[%emt 0:00:30]} a3 {[%emt 0:00:30]} 53. h7 {[%emt 0:00:30]} Kb1 {[%emt 0:00:00]} 54. h8=Q {[%emt 0:00:00]} a2 {[%emt 0:00:00]} 55. Qb8+ {[%emt 0:00:00]} Kc1 {[%emt 0:00:00]} 56. Qe5 {[%emt 0:00:14]} Kb1 {[%emt 0:00:08]} 57. Qe1+ {[%emt 0:00:00]} Kb2 {[%emt 0:00:00]} 58. Qb4+ {[%emt 0:00:02]} Kc1 {[%emt 0:01:00]} 59. Qc3+ {[%emt 0:00:52]} Kb1 {[%emt 0:00:00]} 60. Qb3+ {[%emt 0:00:30]} Ka1 {[%emt 0:00:00]} 61. Kf3 {[%emt 0:00:00]} 1/2-1/2

[Event "TUR-chT Superleague 2018"]
[Site "Ankara"]
[Date "2018.08.01"]
[Round "8"]
[White "Ivic, Velimir"]
[Black "Baryshpolets, Andrey"]
[Result "1/2-1/2"]
[WhiteElo "2456"]
[BlackElo "2609"]
[Annotator "TA"]
[PlyCount "156"]
[EventDate "2018.07.25"]
[EventType "team-tourn"]
[EventCountry "TUR"]
[SourceTitle "playchess.com"]
[Source "ChessBase"]
[SourceQuality "1"]

{[%evp 27,156,20,31,18,18,17,27,21,43,16,26,12,40,19,15,22,37,31,63,7,25,29,45,16,58,68,70,0,0,0,0,0,3,0,25,0,0,0,15,10,18,13,19,0,14,0,0,0,0,0,0,0,0,0,0,0,0,0,8,0,0,0,4,0,4,0,0,0,0,0,0,0,0,0,0,0,0,0,2,4,9,0,0,0,0,0,0,-54,0,0,0,-37,-19,-31,0,0,0,0,0,0,0,0,0,0,0,0,0,0,0,0,0,0,0,0,0,0,0,0,0,0,0,0,0,0,0,0,0,0,0,0,0]} 1. e4 e5 2. Nf3 Nc6 3. Bb5 a6 4. Ba4 Nf6 5. O-O Be7 6. d3 d6 7. c3 O-O 8. Re1 Bg4 9. h3 Bh5 10. Nbd2 Nd7 11. Nf1 {C87: Closed Ruy Lopez: Steinitz-type lines after 6 Re1 d6} Nc5 12. Bc2 Ne6 13. Ng3 Bxf3 14. Qxf3 {[#]} Bg5 $146 {LiveBook: 21 Games} 15. Bb3 Bxc1 16. Raxc1 g6 17. Rcd1 Qg5 18. Qg4 Qf6 19. Ne2 Kh8 20. Rf1 h5 21. Qg3 g5 22. Qe3 Nf4 23. Ng3 (23. Nxf4 $14 gxf4 24. Qf3) 23... Ne7 24. d4 Rad8 25. Rd2 Rg8 26. dxe5 dxe5 27. Rxd8 (27. Rfd1 $14 Rxd2 28. Rxd2) 27... Rxd8 $11 28. Rd1 Rxd1+ 29. Bxd1 h4 $132 {[%mdl 2048] Black puts up resistance} 30. Nf1 Qd6 31. Bc2 Kg7 32. Kh2 f6 33. g3 hxg3+ 34. fxg3 Ne6 35. Qe2 Qb6 36. b4 a5 37. a3 axb4 38. axb4 c5 39. b5 {[#]} c4 $1 {[%mdl 512]} 40. Ne3 (40. Qxc4 Qf2+) 40... Qxb5 41. Qxc4 Qb6 42. Qe2 Nc5 43. Qc4 Qd6 44. Qe2 Qc6 45. Qf3 Qb5 46. h4 gxh4 47. gxh4 Ne6 48. Qg4+ Kf7 49. Ng2 Ng6 50. Qd1 Kg7 51. Qg4 Kf7 52. Qd1 Ke7 53. h5 Ngf4 {[#] aiming for ...Nxg2.} 54. Ne3 Qb6 55. Nf5+ Ke8 56. Ba4+ Kf8 57. Qd2 ({Better is} 57. Qd6+ $11 Qxd6 58. Nxd6) 57... Ng5 {( -> ...Nf3+)} (57... Kg8 {is more complex.} 58. Bd1 Ng5 59. Qa2+ Kh8 60. Bb3 Qd8) 58. Qd6+ Qxd6 59. Nxd6 Nxh5 {[%mdl 4096] Endgame KBN-KNN} 60. Bc2 Nf3+ 61. Kh3 {The position is equal.} Nd2 62. Kg4 Nf4 63. Nxb7 Ng2 64. Bd3 Ke7 {White must now prevent ...Ne1.} 65. Nc5 Kd6 66. Nb7+ Kc6 67. Nd8+ Kd7 68. Nb7 Ne1 69. Be2 Ke7 70. Nc5 Nc2 71. Bd3 Ne1 72. Be2 Kd6 73. Nd3 Nc2 74. Kf5 Ke7 {Threatens to win with ...Ne3+.} 75. Nxe5 Ne3+ 76. Kf4 Ng2+ 77. Kg3 fxe5 78. Kxg2 Nxe4 {Precision: White = 67%, Black = 64%.} 1/2-1/2

[Event "TUR-chT Superleague 2018"]
[Site "Ankara"]
[Date "2018.08.01"]
[Round "8"]
[White "Mammadzada, Gunay"]
[Black "Injac, Teodora"]
[Result "1-0"]
[WhiteElo "2426"]
[BlackElo "2271"]
[Annotator "TA"]
[PlyCount "95"]
[EventDate "2018.07.25"]
[EventType "team-tourn"]
[EventCountry "TUR"]
[SourceTitle "playchess.com"]
[Source "ChessBase"]
[SourceQuality "1"]

{[%evp 18,95,6,0,18,2,0,0,0,17,12,6,13,4,36,15,15,16,18,0,20,20,20,20,10,30,39,22,34,8,374,85,198,-8,454,190,161,162,122,39,47,40,40,40,39,34,39,0,0,0,44,32,132,133,129,99,154,119,132,124,302,289,240,227,493,493,567,566,599,600,685,715,734,713,12832,11945,2248,1669,1431,1403]} 1. e4 e6 2. d4 d5 3. Nd2 Be7 4. Bd3 c5 5. dxc5 Nf6 6. Qe2 O-O 7. Ngf3 {C03: French Tarrasch: Unusual Black 3rd moves} a5 8. c3 (8. O-O Na6 9. e5 Nd7 10. c4 Ndxc5 11. Bb1 d4 12. Rd1 d3 13. Qe3 b6 14. Ne1 Bb7 15. Nxd3 {½-½ (57) Liang,A (2552)-So,W (2786) Saint Louis 2018}) 8... Na6 9. e5 Nd7 10. h4 {LiveBook: 3 Games} Qc7 (10... Bxc5 11. Bxh7+ $1 {[%mdl 512]} Kxh7 12. Ng5+ Kg6 13. Ndf3 $18) 11. Nb3 Naxc5 $146 ({Predecessor:} 11... a4 12. Nbd4 Naxc5 13. Bc2 b6 14. Bg5 f6 {0-1 (33) Mammadzada,G (2442)-Karpenko,A (2374) Voronezh 2018}) 12. Nxc5 Nxc5 13. Bc2 b6 {[%cal Bb7b6,Bb6b5][%mdl 32]} 14. Bg5 $1 Ba6 15. Qe3 Rac8 16. Rh3 $40 {[%mdl 128] White is up to no good.} f5 17. exf6 Bxf6 18. O-O-O b5 19. Bf4 Qb6 {White must now prevent ...b4.} 20. Ng5 $1 b4 $1 {[%cal Rb4c3]} 21. Nxh7 bxc3 {[%csl Gc3,Gf6][%cal Rb6b2]} 22. Nxf6+ Rxf6 {[%csl Gc3][%cal Rb6b2]} 23. bxc3 {Hoping for Be5.} Bc4 $2 {[%mdl 8192]} (23... Rf7 $1 $11 {and Black has nothing to worry.} 24. Rd4 Rb7) 24. Rg3 $2 (24. Be5 $18 {is the precise move to win.} Rxf2 25. Rg3 (25. Qxf2 $2 {is the wrong capture.} Nd3+ 26. Rhxd3 Qxf2 $19) 25... Nb3+ 26. Bxb3 Qxe3+ 27. Rxe3) 24... Nd7 (24... Rxf4 $16 {is a better defense.} 25. Qxf4 Rb8) 25. Be5 $2 (25. h5 $18) 25... Rf7 $2 {[%mdl 8192]} (25... Qxe3+ $11 {and Black stays safe.} 26. Rxe3 Nxe5 27. Rxe5 Rxf2) 26. Qxb6 (26. Bd4 $142 Qa6 27. Qg5) 26... Nxb6 $18 27. Bd4 Nd7 28. Re1 (28. Bg6 $16 Re7 29. Re1) 28... e5 $1 $14 {[%cal Re5d4]} 29. Bxe5 Nxe5 30. Rxe5 {Threatens to win with Bf5.} Rxf2 31. Re7 Rf1+ 32. Kd2 (32. Bd1 $5 {[%cal Re7g7]}) 32... Rf2+ 33. Kc1 Rf1+ 34. Bd1 Rf7 (34... Kh8 $1 $14) 35. Rxf7 $16 Kxf7 {[%mdl 4096] Endgame KRB-KRB} 36. Bb3 Kf6 ({Black should play} 36... Bxb3 37. axb3 a4 38. bxa4 Rc4) 37. Kd2 Bxb3 38. axb3 {KR-KR} Rb8 $2 (38... Rh8 $16) 39. Kc2 $18 Rh8 {[#]} 40. Rg4 $1 g6 $2 (40... Re8 {was necessary.} 41. Rf4+ Ke6) 41. Ra4 {White is clearly winning.} Ke6 42. g3 Rf8 43. Rxa5 Rf3 44. Ra6+ Kf7 45. Rd6 Rxg3 46. Rxd5 Rh3 47. Rd4 Ke6 48. b4 {Precision: White = 46%, Black = 24%.} 1-0

[Event "TUR-chT Superleague 2018"]
[Site "Ankara"]
[Date "2018.08.01"]
[Round "8"]
[White "Nechaeva, Marina"]
[Black "Savina, Anastasia"]
[Result "1-0"]
[WhiteElo "2419"]
[BlackElo "2334"]
[Annotator "TA"]
[PlyCount "129"]
[EventDate "2018.07.25"]
[EventType "team-tourn"]
[EventCountry "TUR"]
[SourceTitle "playchess.com"]
[Source "ChessBase"]
[SourceQuality "1"]

{[%evp 22,129,27,28,43,26,29,13,16,35,22,11,14,17,33,31,83,0,0,0,0,0,0,0,0,-115,-103,-97,-98,-91,-96,-69,-81,-114,-77,-120,-59,-104,-52,-52,-53,-46,-21,-22,22,8,95,95,95,95,95,95,95,95,95,95,97,73,75,75,89,89,89,89,95,57,89,89,89,89,95,89,95,75,95,95,95,95,95,70,69,0,44,8,69,0,44,44,91,33,33,33,135,33,33,33,29,23,29,20,945,793,4134,2504,29980,29981,29981,29981,29984,29982]} 1. d4 d5 2. c4 dxc4 3. e4 e5 4. Nf3 exd4 5. Bxc4 Nc6 6. O-O Be6 7. Bb5 Bc5 8. b4 {D20: Queen's Gambit Accepted: 3 e3 and 3 e4} Bb6 9. a4 a6 10. Bxc6+ bxc6 11. a5 Ba7 12. Bb2 {[%cal Rb2d4] LiveBook: 60 Games} Nf6 13. Bxd4 Nxe4 14. Bxa7 Qxd1 $1 15. Rxd1 Rxa7 {[#]} 16. Ne5 $146 Bd5 17. f3 Nf6 18. Nc3 Nd7 (18... O-O $14) 19. Rxd5 (19. Nxd7 $16 Kxd7 20. Nxd5 cxd5 21. Rxd5+ Kc8 22. Rad1) 19... cxd5 $11 20. Nc6 Rb7 {White must now prevent ...Nb8.} 21. Re1+ Kf8 22. Nxd5 Nf6 23. Nf4 (23. Nc3 $1 $11) 23... g5 24. Nd3 Nd7 $1 25. Re4 h5 26. Rd4 Nb8 $1 {[%cal Rb8c6]} 27. Nce5 Kg7 28. h4 gxh4 ({Black should play} 28... f6 $17 29. Nc4 Re8) 29. Rxh4 {[#]} Rb5 (29... Rh6 $1 $17 30. Rc4 Rd6) 30. Rc4 $15 Re8 31. f4 Re7 {With the idea ...Nd7.} 32. Nc5 $1 f6 33. Nf3 Nc6 (33... c6 $11) 34. Nxa6 $16 Nxb4 35. Nxb4 {aiming for Nc6.} Rxa5 36. Nc6 Ra1+ {[#]} 37. Kh2 $1 Rd7 38. Ncd4 Kf7 39. Kg3 Ra2 40. Nb5 Kg8 41. Rxc7 Rxc7 42. Nxc7 Kf7 43. Nd5 Ra5 44. Ne3 Ra3 45. Nf5 Ra5 46. N5d4 Ra2 47. Kh3 Kg6 48. Nh4+ Kh6 49. Nhf5+ Kg6 50. Ng3 Ra4 51. Nde2 (51. Nge2 $14) 51... Ra2 52. Kh4 Kh6 (52... f5 $11) 53. Kh3 (53. Nf5+ {is more complex.} Kg6 54. Nfd4 Rb2 55. Kh3 Ra2 56. Nc3) 53... Kg6 $1 54. Nc3 Ra3 55. Nce4 (55. Nd5 $16) 55... f5 $14 56. Nc5 Rc3 ({Better is} 56... Ra2 $14) 57. Ne6 (57. Nd7 $16) 57... Rd3 $1 58. Kh2 h4 59. Ne2 Kh5 60. N2d4 Kg4 $2 {[%mdl 8192]} (60... Re3 $11) 61. Nf3 $18 {Strongly threatening Ne5+.} Kh5 62. Ng7+ Kg4 63. Ne5+ {White mates.} Kxf4 64. Nxd3+ Kg4 65. Ne5+ {Precision: White = 55%, Black = 41%.} 1-0

[Event "TUR-chT Superleague 2018"]
[Site "Ankara"]
[Date "2018.08.01"]
[Round "8"]
[White "Szczepkowska, Karina"]
[Black "Unuk, Laura"]
[Result "1/2-1/2"]
[WhiteElo "2404"]
[BlackElo "2340"]
[Annotator "NA"]
[PlyCount "196"]
[EventDate "2018.07.25"]
[EventType "team-tourn"]
[EventCountry "TUR"]
[SourceTitle "playchess.com"]
[Source "ChessBase"]
[SourceQuality "1"]
[TimeControl "40/5400+30:1800+30"]

1. d4 Nf6 2. c4 e6 3. Nf3 d5 4. Nc3 Bb4 5. Qa4+ Nc6 6. e3 O-O 7. Bd2 dxc4 8. Bxc4 a6 9. O-O Bd6 10. Qc2 e5 11. d5 Nb4 12. Qb1 c6 13. dxc6 Nxc6 14. h3 b5 15. Be2 Qe7 16. Ng5 g6 17. Bf3 Bf5 18. Nge4 Rac8 19. a3 Bb8 20. Rd1 Kg7 21. Qd3 Rfd8 22. Qe2 Ne8 23. b4 Be6 24. Nc5 Bc4 25. Qe1 a5 26. Bxc6 Rxc6 27. e4 axb4 28. axb4 f5 29. Bc1 Rxd1 30. Qxd1 Rd6 31. Qe1 f4 32. Nd5 Bxd5 33. exd5 Rxd5 34. Bxf4 Nf6 35. Bg5 Qd6 36. Bxf6+ Qxf6 37. Qe4 Qd6 38. Ra6 Rd1+ 39. Kh2 Qe7 40. Rb6 Bc7 41. Rb7 Rd6 42. Ra7 Kg8 43. Qb7 Qf7 44. Ne4 Rd7 45. Qxb5 Rd4 46. Qc6 Rc4 47. Qb7 Rc2 48. Qd5 Qxd5 49. Nf6+ Kf8 50. Nxd5 Bd8 51. Kg3 h5 52. Kf3 Ke8 53. Rg7 Rd2 54. Ne3 g5 55. b5 Rb2 56. Rb7 e4+ 57. Kxe4 Rxf2 58. Rh7 Rb2 59. Rb7 Be7 60. b6 Bc5 61. Rb8+ Kd7 62. Nc4 Rxg2 63. b7 Kc7 64. Rc8+ Kxb7 65. Rxc5 Rg3 66. Ne3 h4 67. Rb5+ Kc6 68. Rf5 Rxh3 69. Rxg5 Rh1 70. Rg6+ Kc5 71. Rh6 h3 72. Ng4 h2 73. Nxh2 Kb5 74. Rh5+ Kc6 75. Kf3 Kd6 76. Kg2 Rd1 77. Nf3 Rd5 78. Rh6+ Kc5 79. Kf2 Rd6 80. Rh8 Re6 81. Nd2 Kd4 82. Rd8+ Ke5 83. Kf3 Rc6 84. Ke3 Rc3+ 85. Ke2 Kf4 86. Rf8+ Ke5 87. Nf3+ Ke4 88. Re8+ Kf4 89. Nd4 Ra3 90. Kd2 Rh3 91. Ne2+ Kf5 {[%emt 2:42:41]} 92. Nd4+ {[%emt 2:37:16]} Kf4 {[%emt 0:00:30]} 93. Ne6+ {[%emt 0:00:30]} Kf5 {[%emt 0:00:30]} 94. Ke2 {[%emt 0:00:30]} Ra3 {[%emt 0:00:30]} 95. Nd4+ {[%emt 0:00:30]} Kf4 {[%emt 0:00:30]} 96. Kf2 {[%emt 0:00:30]} Rd3 {[%emt 0:00:30]} 97. Ne2+ {[%emt 0:00:13]} Kf5 {[%emt 0:00:31]} 98. Rf8+ {[%emt 0:00:41]} Ke5 {[%emt 0:00:20]} 1/2-1/2